Countries That Contain U - Statistics

General Stats
  • This quiz has been taken 269 times
    260 since last reset
  • The average score is 41 of 59
Answer Stats
Answer % Correct
United States
100%
United Kingdom
99%
United Arab Emirates
89%
Ukraine
88%
South Sudan
87%
Uzbekistan
87%
Sudan
86%
Uruguay
86%
Australia
85%
Uganda
85%
South Africa
84%
South Korea
84%
Austria
81%
Nauru
80%
Turkey
80%
Guinea
79%
Palau
78%
Turkmenistan
78%
Guinea-Bissau
77%
Russia
77%
Tuvalu
77%
Paraguay
74%
Bhutan
71%
Belarus
70%
Equatorial Guinea
70%
Honduras
70%
Luxembourg
70%
Bulgaria
69%
Guatemala
69%
Papua New Guinea
69%
Vanuatu
69%
Portugal
67%
Burundi
66%
Nicaragua
66%
Antigua And Barbuda
65%
Brunei
65%
Guyana
65%
Lithuania
65%
Cuba
64%
HUngary
64%
Peru
64%
Ecuador
63%
Belgium
62%
Suriname
62%
Tunisia
62%
Dominican Republic
60%
Saudi Arabia
60%
Mauritania
59%
Mauritius
59%
Venezuela
58%
Burkina Faso
57%
Djibouti
56%
Kuwait
55%
Saint Lucia
55%
Mozambique
52%
Cyprus
48%
Central African Republic
47%
Democratic Republic Of Congo
21%
Republic Of Congo
19%
No matching quizzes found
Score Distribution
Percent of People with Each Score
Percentile by Number Answered
Your Score History
You have not taken this quiz since the last reset